000 00357nam a2200145 i 4500
001 bg
100 1 _aJanik, Wiesław.
245 0 _aEkonomika przemysłu i przedsiębiorstw /
_cW. Janik, Z. Sobczak.
260 _aLublin,
_c1989.
700 1 _aSobczak, Zofia.
040 _cBPK
041 _apol
942 _cKS
008 s pl f |000 0 pol
999 _c4035
_d4035
856 _uhttp://koha.tu.koszalin.pl/cgi-bin/koha/opac-detail.pl?biblionumber=4035
_yKatalog online BPK